[Event "DEM U14 2022"]
[Site "Willingen GER"]
[Date "2022.06.05"]
[Round "2"]
[White "Besou, Hussain"]
[Black "Sundui, Chinguun"]
[Result "1-0"]
[Termination "normal"]
[Board "5"]
[WhiteElo "2094"]
[BlackElo "1793"]
[WhiteClock "00:24:23"]
[BlackClock "00:01:35"]
[PlyCount "81"]
[WhiteFideId "16269950"]
[BlackFideId "4907930"]
[EventCountry "GER"]
[EventRounds "9"]
[EventType "swiss"]
[EventDate "2022.06.04"]

1. e4 {[%clk 1:30:57]} c5 {[%clk 1:30:55]} 2. Nf3 {[%clk 1:31:21]} g6 {[%clk
1:31:21]} 3. d4 {[%clk 1:31:40]} cxd4 {[%clk 1:31:47]} 4. Nxd4 {[%clk 1:25:24]}
Bg7 {[%clk 1:32:12]} 5. c4 {[%clk 1:25:47]} Nc6 {[%clk 1:32:37]} 6. Be3 {[%clk
1:26:13]} d6 {[%clk 1:32:42]} 7. Nc3 {[%clk 1:26:37]} Nf6 {[%clk 1:33:08]} 8.
Be2 {[%clk 1:25:50]} O-O {[%clk 1:32:37]} 9. O-O {[%clk 1:25:59]} Bd7 {[%clk
1:30:57]} 10. Rc1 {[%clk 1:26:03]} Nxd4 {[%clk 1:30:20]} 11. Bxd4 {[%clk
1:26:22]} Bc6 {[%clk 1:30:43]} 12. f3 {[%clk 1:26:13]} a5 {[%clk 1:30:45]} 13.
Nd5 {[%clk 1:25:48]} Nd7 {[%clk 1:26:34]} 14. Bxg7 {[%clk 1:25:02]} Kxg7 {[%clk
1:26:55]} 15. Qd4+ {[%clk 1:25:26]} Kg8 {[%clk 1:26:17]} 16. Rfd1 {[%clk
1:25:20]} Nc5 {[%clk 1:21:18]} 17. b3 {[%clk 1:20:34]} Rb8 {[%clk 1:13:44]} 18.
Qe3 {[%clk 1:14:19]} Bxd5 {[%clk 1:04:48]} 19. Rxd5 {[%clk 1:12:12]} Nd7 {[%clk
0:54:19]} 20. c5 {[%clk 1:09:37]} Nf6 {[%clk 0:52:53]} 21. Rdd1 {[%clk
1:09:40]} d5 {[%clk 0:46:02]} 22. e5 {[%clk 0:58:12]} Ne8 {[%clk 0:42:27]} 23.
e6 {[%clk 0:58:36]} Nc7 {[%clk 0:40:01]} 24. exf7+ {[%clk 0:59:01]} Rxf7 {[%clk
0:39:17]} 25. Qc3 {[%clk 0:57:31]} Ra8 {[%clk 0:37:25]} 26. a3 {[%clk 0:55:24]}
e6 {[%clk 0:32:08]} 27. b4 {[%clk 0:49:26]} axb4 {[%clk 0:30:13]} 28. axb4
{[%clk 0:49:48]} Ra2 {[%clk 0:30:01]} 29. Bc4 {[%clk 0:49:38]} Rxg2+ {[%clk
0:24:11]} 30. Kxg2 {[%clk 0:49:40]} Qg5+ {[%clk 0:24:35]} 31. Kh1 {[%clk
0:50:02]} dxc4 {[%clk 0:24:17]} 32. Qxc4 {[%clk 0:42:17]} Nd5 {[%clk 0:19:49]}
33. Qe4 {[%clk 0:40:30]} Nf4 {[%clk 0:14:32]} 34. Rg1 {[%clk 0:40:53]} Qh5
{[%clk 0:07:19]} 35. Rg4 {[%clk 0:33:07]} e5 {[%clk 0:04:56]} 36. b5 {[%clk
0:27:36]} Nh3 {[%clk 0:03:34]} 37. Rf1 {[%clk 0:26:47]} g5 {[%clk 0:02:23]} 38.
Qxe5 {[%clk 0:26:30]} h6 {[%clk 0:02:17]} 39. Rd4 {[%clk 0:25:31]} Nf4 {[%clk
0:01:15]} 40. Rd8+ {[%clk 0:24:09]} Kh7 {[%clk 0:01:35]} 41. Rh8+ {[%clk
0:24:23]} 1-0

[Event "DEM U14 2022"]
[Site "Willingen GER"]
[Date "2022.06.05"]
[Round "2"]
[White "Bräutigam, Alexander"]
[Black "Haubold, Christian Lucas"]
[Result "1/2-1/2"]
[Termination "normal"]
[Board "6"]
[WhiteElo "1749"]
[BlackElo "1944"]
[WhiteClock "00:47:30"]
[BlackClock "00:23:53"]
[PlyCount "73"]
[WhiteFideId "16245210"]
[BlackFideId "16259629"]
[EventCountry "GER"]
[EventRounds "9"]
[EventType "swiss"]
[EventDate "2022.06.04"]

1. d4 {[%clk 1:30:57]} Nf6 {[%clk 1:30:43]} 2. c4 {[%clk 1:31:22]} g6 {[%clk
1:31:07]} 3. Nc3 {[%clk 1:31:47]} Bg7 {[%clk 1:31:24]} 4. e4 {[%clk 1:32:10]}
d6 {[%clk 1:31:42]} 5. h3 {[%clk 1:32:31]} O-O {[%clk 1:31:48]} 6. Nf3 {[%clk
1:32:46]} e5 {[%clk 1:31:44]} 7. d5 {[%clk 1:33:09]} a5 {[%clk 1:31:58]} 8. g4
{[%clk 1:33:21]} Na6 {[%clk 1:30:55]} 9. Be3 {[%clk 1:33:23]} Nd7 {[%clk
1:30:51]} 10. Qc2 {[%clk 1:32:12]} Ndc5 {[%clk 1:28:11]} 11. Rg1 {[%clk
1:24:35]} Kh8 {[%clk 1:25:25]} 12. Bg5 {[%clk 1:23:23]} f6 {[%clk 1:25:17]} 13.
Bh4 {[%clk 1:22:58]} Nb4 {[%clk 1:22:44]} 14. Qb1 {[%clk 1:23:01]} c6 {[%clk
1:22:06]} 15. a3 {[%clk 1:21:54]} Nb3 {[%clk 1:22:17]} 16. axb4 {[%clk
1:21:59]} Nxa1 {[%clk 1:22:14]} 17. Qxa1 {[%clk 1:22:11]} Bxg4 {[%clk 1:15:53]}
18. hxg4 {[%clk 1:22:10]} axb4 {[%clk 1:16:17]} 19. Na4 {[%clk 1:22:19]} Qa5
{[%clk 1:16:35]} 20. dxc6 {[%clk 1:19:44]} b3+ {[%clk 1:15:30]} 21. Kd1 {[%clk
1:17:57]} bxc6 {[%clk 1:14:52]} 22. Nd2 {[%clk 1:16:47]} Qb4 {[%clk 1:13:50]}
23. Qa3 {[%clk 1:16:01]} Qxa3 {[%clk 1:12:41]} 24. bxa3 {[%clk 1:15:31]} Rxa4
{[%clk 1:13:05]} 25. Nb1 {[%clk 1:12:27]} d5 {[%clk 1:11:30]} 26. exd5 {[%clk
1:10:16]} cxd5 {[%clk 1:09:59]} 27. cxd5 {[%clk 1:07:43]} Rc8 {[%clk 1:09:27]}
28. Bd3 {[%clk 0:55:11]} e4 {[%clk 1:09:33]} 29. Bb5 {[%clk 0:55:04]} Rd4+
{[%clk 1:09:19]} 30. Ke2 {[%clk 0:54:57]} b2 {[%clk 1:08:54]} 31. Bc6 {[%clk
0:53:43]} g5 {[%clk 1:08:45]} 32. Bg3 {[%clk 0:53:42]} Rc4 {[%clk 1:06:33]} 33.
Rd1 {[%clk 0:50:19]} f5 {[%clk 0:33:38]} 34. gxf5 {[%clk 0:49:35]} Rc2+ {[%clk
0:33:18]} 35. Rd2 {[%clk 0:47:16]} Rc1 {[%clk 0:32:06]} 36. Rd1 {[%clk
0:47:30]} Rc2+ {[%clk 0:23:53]} 37. Rd2 1/2-1/2

[Event "DEM U14 2022"]
[Site "Willingen GER"]
[Date "2022.06.05"]
[Round "2"]
[White "Honisch, Alexander"]
[Black "Huber, Benedikt"]
[Result "1/2-1/2"]
[Termination "normal"]
[Board "7"]
[WhiteElo "1878"]
[BlackElo "1780"]
[WhiteClock "00:20:32"]
[BlackClock "00:10:21"]
[PlyCount "60"]
[WhiteFideId "16298594"]
[BlackFideId "16281225"]
[EventCountry "GER"]
[EventRounds "9"]
[EventType "swiss"]
[EventDate "2022.06.04"]

1. e4 {[%clk 1:30:40]} e5 {[%clk 1:30:54]} 2. Nf3 {[%clk 1:30:53]} Nc6 {[%clk
1:31:19]} 3. Bb5 {[%clk 1:30:59]} a6 {[%clk 1:31:32]} 4. Ba4 {[%clk 1:31:24]}
Nf6 {[%clk 1:31:55]} 5. O-O {[%clk 1:31:44]} Be7 {[%clk 1:32:16]} 6. Re1 {[%clk
1:31:51]} b5 {[%clk 1:32:31]} 7. Bb3 {[%clk 1:32:15]} d6 {[%clk 1:32:35]} 8. c3
{[%clk 1:32:14]} Nb8 {[%clk 1:31:35]} 9. d4 {[%clk 1:31:14]} Nbd7 {[%clk
1:31:51]} 10. Nbd2 {[%clk 1:25:00]} O-O {[%clk 1:32:13]} 11. Nf1 {[%clk
1:25:18]} Bb7 {[%clk 1:31:07]} 12. Ng3 {[%clk 1:25:41]} h6 {[%clk 1:26:24]} 13.
a4 {[%clk 1:24:57]} Re8 {[%clk 1:25:59]} 14. Bc2 {[%clk 1:21:42]} Bf8 {[%clk
1:21:10]} 15. Bd3 {[%clk 1:18:44]} Rb8 {[%clk 1:13:03]} 16. Bd2 {[%clk
1:03:17]} Ba8 {[%clk 1:07:16]} 17. Qc2 {[%clk 0:59:58]} g6 {[%clk 1:00:27]} 18.
axb5 {[%clk 0:55:30]} axb5 {[%clk 1:00:43]} 19. Ra7 {[%clk 0:55:30]} c5 {[%clk
0:44:34]} 20. b3 {[%clk 0:46:08]} Qb6 {[%clk 0:40:52]} 21. Qa2 {[%clk 0:41:32]}
cxd4 {[%clk 0:26:18]} 22. cxd4 {[%clk 0:41:28]} exd4 {[%clk 0:26:23]} 23. Ra6
{[%clk 0:40:17]} Qd8 {[%clk 0:25:29]} 24. Nxd4 {[%clk 0:35:09]} Nc5 {[%clk
0:20:15]} 25. Bxb5 {[%clk 0:34:58]} Rxb5 {[%clk 0:14:00]} 26. Rxa8 {[%clk
0:27:05]} Qxa8 {[%clk 0:14:18]} 27. Qxa8 {[%clk 0:27:30]} Rxa8 {[%clk 0:14:45]}
28. Nxb5 {[%clk 0:27:50]} Nxb3 {[%clk 0:14:25]} 29. Bf4 {[%clk 0:25:56]} Nc5
{[%clk 0:11:30]} 30. Bxd6 {[%clk 0:20:32]} Ncxe4 {[%clk 0:10:21]} 1/2-1/2

[Event "DEM U14 2022"]
[Site "Willingen GER"]
[Date "2022.06.05"]
[Round "2"]
[White "Klaska, Philipp Leon"]
[Black "Mader, Fabian"]
[Result "1/2-1/2"]
[Termination "normal"]
[Board "8"]
[WhiteElo "1946"]
[BlackElo "1652"]
[WhiteClock "00:06:34"]
[BlackClock "00:02:25"]
[PlyCount "115"]
[WhiteFideId "16238044"]
[BlackFideId "16265866"]
[EventCountry "GER"]
[EventRounds "9"]
[EventType "swiss"]
[EventDate "2022.06.04"]

1. e4 {[%clk 1:30:48]} c5 {[%clk 1:30:55]} 2. Nf3 {[%clk 1:31:03]} Nc6 {[%clk
1:31:17]} 3. d4 {[%clk 1:31:10]} cxd4 {[%clk 1:31:40]} 4. Nxd4 {[%clk 1:31:34]}
Nf6 {[%clk 1:32:03]} 5. Nc3 {[%clk 1:31:50]} e5 {[%clk 1:32:25]} 6. Ndb5 {[%clk
1:31:18]} d6 {[%clk 1:32:49]} 7. Bg5 {[%clk 1:31:26]} a6 {[%clk 1:33:13]} 8.
Na3 {[%clk 1:31:49]} b5 {[%clk 1:33:39]} 9. Nd5 {[%clk 1:31:43]} Be7 {[%clk
1:34:02]} 10. Bxf6 {[%clk 1:31:18]} Bxf6 {[%clk 1:34:26]} 11. c3 {[%clk
1:31:09]} Bg5 {[%clk 1:34:44]} 12. Be2 {[%clk 1:26:39]} O-O {[%clk 1:33:56]}
13. Nc2 {[%clk 1:22:43]} Be6 {[%clk 1:29:50]} 14. Nce3 {[%clk 1:18:07]} Bxe3
{[%clk 1:28:36]} 15. Nxe3 {[%clk 1:18:18]} Ne7 {[%clk 1:26:53]} 16. Bf3 {[%clk
1:11:12]} Ra7 {[%clk 1:22:55]} 17. O-O {[%clk 1:05:34]} Kh8 {[%clk 1:20:48]}
18. a4 {[%clk 1:00:37]} bxa4 {[%clk 1:19:49]} 19. Rxa4 {[%clk 0:53:27]} g6
{[%clk 1:12:09]} 20. Qd3 {[%clk 0:48:05]} Qb6 {[%clk 1:06:59]} 21. Rfa1 {[%clk
0:39:45]} Rfa8 {[%clk 1:05:10]} 22. Be2 {[%clk 0:33:04]} a5 {[%clk 0:56:02]}
23. Qd2 {[%clk 0:30:47]} Bb3 {[%clk 0:45:56]} 24. R4a3 {[%clk 0:29:25]} Nc8
{[%clk 0:42:28]} 25. Bc4 {[%clk 0:25:37]} Bxc4 {[%clk 0:29:14]} 26. Nxc4 {[%clk
0:26:05]} Qc7 {[%clk 0:25:49]} 27. Ne3 {[%clk 0:25:23]} Nb6 {[%clk 0:23:58]}
28. Nd5 {[%clk 0:21:14]} Nxd5 {[%clk 0:22:17]} 29. Qxd5 {[%clk 0:21:21]} a4
{[%clk 0:17:55]} 30. Rd1 {[%clk 0:16:28]} Ra6 {[%clk 0:15:53]} 31. Rd2 {[%clk
0:15:08]} Rb8 {[%clk 0:13:00]} 32. Qa2 {[%clk 0:12:31]} Rb4 {[%clk 0:11:56]}
33. Qb1 {[%clk 0:10:52]} Rc4 {[%clk 0:11:27]} 34. Rd5 {[%clk 0:06:47]} Rb6
{[%clk 0:01:29]} 35. Qc2 {[%clk 0:03:19]} Qb7 {[%clk 0:01:22]} 36. h3 {[%clk
0:02:22]} Rxb2 {[%clk 0:01:09]} 37. Qd3 {[%clk 0:02:45]} Qc6 {[%clk 0:00:58]}
38. f3 {[%clk 0:01:45]} Rb3 {[%clk 0:00:49]} 39. Rxb3 {[%clk 0:00:56]} axb3
{[%clk 0:01:13]} 40. Rxd6 {[%clk 0:00:58]} Qc5+ {[%clk 0:01:16]} 41. Kh2 {[%clk
0:01:03]} Rxc3 {[%clk 0:01:39]} 42. Qa6 {[%clk 0:26:20]} Kg7 {[%clk 0:26:29]}
43. Rd7 {[%clk 0:20:50]} Qc6 {[%clk 0:21:52]} 44. Qxc6 {[%clk 0:19:52]} Rxc6
{[%clk 0:22:16]} 45. Rb7 {[%clk 0:19:59]} Rc3 {[%clk 0:22:39]} 46. Kg3 {[%clk
0:19:52]} Kf6 {[%clk 0:21:47]} 47. Kh2 {[%clk 0:17:22]} Ke6 {[%clk 0:21:29]}
48. Kg3 {[%clk 0:17:32]} Kd6 {[%clk 0:21:18]} 49. Kg4 {[%clk 0:15:56]} Kc6
{[%clk 0:19:42]} 50. Rb8 {[%clk 0:16:10]} Kc5 {[%clk 0:19:36]} 51. Kg5 {[%clk
0:16:13]} Kd4 {[%clk 0:19:32]} 52. Kf6 {[%clk 0:13:56]} Rc6+ {[%clk 0:19:32]}
53. Kxf7 {[%clk 0:13:48]} Kc3 {[%clk 0:19:57]} 54. f4 {[%clk 0:13:51]} Kd4
{[%clk 0:01:51]} 55. fxe5 {[%clk 0:10:33]} Kxe5 {[%clk 0:02:11]} 56. Rxb3
{[%clk 0:10:40]} Rc7+ {[%clk 0:02:06]} 57. Kg8 {[%clk 0:09:35]} Kxe4 {[%clk
0:02:25]} 58. Rb4+ {[%clk 0:06:34]} 1/2-1/2

[Event "DEM U14 2022"]
[Site "Willingen GER"]
[Date "2022.06.05"]
[Round "2"]
[White "Sinka, Silas"]
[Black "Udelnov, Valentin"]
[Result "0-1"]
[Termination "normal"]
[Board "9"]
[WhiteElo "1386"]
[BlackElo "1967"]
[WhiteClock "00:48:01"]
[BlackClock "00:26:47"]
[PlyCount "104"]
[WhiteFideId "16265823"]
[BlackFideId "16265734"]
[EventCountry "GER"]
[EventRounds "9"]
[EventType "swiss"]
[EventDate "2022.06.04"]

1. d4 {[%clk 1:30:58]} Nf6 {[%clk 1:30:52]} 2. c4 {[%clk 1:31:00]} g6 {[%clk
1:31:16]} 3. Nc3 {[%clk 1:31:00]} Bg7 {[%clk 1:31:38]} 4. e4 {[%clk 1:31:08]}
d6 {[%clk 1:32:03]} 5. h3 {[%clk 1:30:17]} O-O {[%clk 1:32:24]} 6. Nf3 {[%clk
1:30:26]} e5 {[%clk 1:32:09]} 7. d5 {[%clk 1:30:36]} Na6 {[%clk 1:31:49]} 8.
Be3 {[%clk 1:30:31]} Nc5 {[%clk 1:30:56]} 9. Nd2 {[%clk 1:30:52]} c6 {[%clk
1:29:11]} 10. g4 {[%clk 1:30:46]} cxd5 {[%clk 1:21:26]} 11. cxd5 {[%clk
1:31:08]} a5 {[%clk 1:12:09]} 12. Be2 {[%clk 1:31:28]} Bd7 {[%clk 1:10:56]} 13.
h4 {[%clk 1:31:43]} b5 {[%clk 1:08:36]} 14. g5 {[%clk 1:22:18]} b4 {[%clk
1:05:05]} 15. gxf6 {[%clk 1:20:13]} bxc3 {[%clk 1:03:56]} 16. fxg7 {[%clk
1:20:07]} cxd2+ {[%clk 1:04:19]} 17. Qxd2 {[%clk 1:20:26]} Re8 {[%clk 1:04:20]}
18. Bf3 {[%clk 1:18:08]} Qf6 {[%clk 1:03:07]} 19. Bg2 {[%clk 1:13:28]} Rec8
{[%clk 1:02:28]} 20. h5 {[%clk 1:10:51]} Qxg7 {[%clk 0:56:19]} 21. hxg6 {[%clk
1:10:17]} fxg6 {[%clk 0:56:33]} 22. Bxc5 {[%clk 1:04:44]} Rxc5 {[%clk 0:56:48]}
23. Rc1 {[%clk 1:03:26]} Rac8 {[%clk 0:57:16]} 24. Rxc5 {[%clk 1:03:26]} Rxc5
{[%clk 0:57:36]} 25. Bh3 {[%clk 1:03:29]} Bxh3 {[%clk 0:52:47]} 26. Rxh3 {[%clk
1:03:52]} Qc7 {[%clk 0:53:13]} 27. Kd1 {[%clk 0:59:55]} Rc4 {[%clk 0:52:13]}
28. Rc3 {[%clk 0:59:26]} Rxc3 {[%clk 0:52:27]} 29. bxc3 {[%clk 0:59:47]} Qc4
{[%clk 0:52:48]} 30. Qe3 {[%clk 0:52:39]} Qxa2 {[%clk 0:50:04]} 31. Qb6 {[%clk
0:52:43]} Qa4+ {[%clk 0:49:54]} 32. Kd2 {[%clk 0:52:38]} Qxe4 {[%clk 0:49:13]}
33. Qxd6 {[%clk 0:52:58]} Qf5 {[%clk 0:32:13]} 34. Ke1 {[%clk 0:50:15]} a4
{[%clk 0:31:18]} 35. Qc5 {[%clk 0:40:40]} Qe4+ {[%clk 0:24:43]} 36. Kd2 {[%clk
0:39:49]} a3 {[%clk 0:23:41]} 37. d6 {[%clk 0:39:59]} a2 {[%clk 0:14:18]} 38.
d7 {[%clk 0:39:30]} Qf4+ {[%clk 0:13:49]} 39. Qe3 {[%clk 0:39:53]} Qf6 {[%clk
0:07:08]} 40. Qa7 {[%clk 0:36:38]} a1=Q {[%clk 0:04:36]} 41. Qxa1 {[%clk
0:32:54]} Qxf2+ {[%clk 0:24:33]} 42. Kd1 {[%clk 0:58:52]} Qf1+ {[%clk 0:24:46]}
43. Kd2 {[%clk 0:59:09]} Qf4+ {[%clk 0:25:14]} 44. Kd3 {[%clk 0:51:18]} Qf5+
{[%clk 0:25:26]} 45. Kc4 {[%clk 0:48:27]} Qxd7 {[%clk 0:25:10]} 46. Qa8+ {[%clk
0:47:43]} Kg7 {[%clk 0:25:24]} 47. Qd5 {[%clk 0:47:36]} Qxd5+ {[%clk 0:24:50]}
48. Kxd5 {[%clk 0:47:58]} e4 {[%clk 0:25:06]} 49. Kxe4 {[%clk 0:48:22]} Kf6
{[%clk 0:25:29]} 50. Kd5 {[%clk 0:48:47]} Ke7 {[%clk 0:25:55]} 51. Kc6 {[%clk
0:48:57]} h5 {[%clk 0:26:22]} 52. Kb6 {[%clk 0:48:01]} h4 {[%clk 0:26:47]} 0-1

[Event "DEM U14 2022"]
[Site "Willingen GER"]
[Date "2022.06.05"]
[Round "2"]
[White "Goldinov, Daniel"]
[Black "Haubold, Sebastian Marcel"]
[Result "0-1"]
[Termination "normal"]
[Board "11"]
[WhiteElo "1626"]
[BlackElo "1889"]
[WhiteClock "00:01:44"]
[BlackClock "00:08:23"]
[PlyCount "84"]
[WhiteFideId "34605649"]
[BlackFideId "16259637"]
[EventCountry "GER"]
[EventRounds "9"]
[EventType "swiss"]
[EventDate "2022.06.04"]

1. e4 {[%clk 1:30:59]} e5 {[%clk 1:30:56]} 2. Nc3 {[%clk 1:31:26]} Nf6 {[%clk
1:30:58]} 3. f4 {[%clk 1:31:52]} d5 {[%clk 1:28:01]} 4. fxe5 {[%clk 1:32:17]}
Nxe4 {[%clk 1:28:26]} 5. Qf3 {[%clk 1:32:41]} Nxc3 {[%clk 1:25:20]} 6. bxc3
{[%clk 1:33:05]} c5 {[%clk 1:23:38]} 7. Qg3 {[%clk 1:31:46]} Bf5 {[%clk
1:14:18]} 8. Bb5+ {[%clk 1:22:33]} Nc6 {[%clk 1:14:41]} 9. d3 {[%clk 1:20:32]}
d4 {[%clk 1:04:49]} 10. Ne2 {[%clk 1:17:19]} Bg6 {[%clk 0:55:01]} 11. O-O
{[%clk 1:13:08]} dxc3 {[%clk 0:37:49]} 12. Qf3 {[%clk 1:10:17]} Qd7 {[%clk
0:37:39]} 13. Be3 {[%clk 1:07:53]} Be7 {[%clk 0:35:54]} 14. Nxc3 {[%clk
1:05:55]} Rc8 {[%clk 0:33:20]} 15. Ne4 {[%clk 1:03:13]} a6 {[%clk 0:30:53]} 16.
Bxc6 {[%clk 0:53:53]} Qxc6 {[%clk 0:31:08]} 17. Bg5 {[%clk 0:42:13]} Bxg5
{[%clk 0:28:35]} 18. Nxg5 {[%clk 0:41:59]} O-O {[%clk 0:28:36]} 19. Rae1 {[%clk
0:37:44]} Qxf3 {[%clk 0:24:29]} 20. Nxf3 {[%clk 0:37:04]} Rfe8 {[%clk 0:23:44]}
21. Nh4 {[%clk 0:35:15]} Rcd8 {[%clk 0:19:29]} 22. Rf4 {[%clk 0:30:20]} Re6
{[%clk 0:17:21]} 23. Nxg6 {[%clk 0:29:22]} hxg6 {[%clk 0:17:45]} 24. Kf2 {[%clk
0:18:20]} Rd5 {[%clk 0:14:43]} 25. Rfe4 {[%clk 0:17:54]} Kf8 {[%clk 0:14:54]}
26. R1e3 {[%clk 0:16:48]} Ke7 {[%clk 0:14:51]} 27. c3 {[%clk 0:16:11]} Rb6
{[%clk 0:14:00]} 28. d4 {[%clk 0:15:22]} cxd4 {[%clk 0:14:22]} 29. cxd4 {[%clk
0:15:20]} Rb4 {[%clk 0:14:18]} 30. Rd3 {[%clk 0:15:08]} Ra5 {[%clk 0:13:31]}
31. Rd2 {[%clk 0:13:48]} Rba4 {[%clk 0:13:41]} 32. Ree2 {[%clk 0:12:35]} Ke6
{[%clk 0:12:08]} 33. Ke3 {[%clk 0:10:12]} f6 {[%clk 0:09:49]} 34. exf6 {[%clk
0:08:37]} gxf6 {[%clk 0:10:16]} 35. Rb2 {[%clk 0:07:39]} b5 {[%clk 0:09:22]}
36. Rec2 {[%clk 0:07:10]} Rc4 {[%clk 0:07:17]} 37. Kd3 {[%clk 0:05:23]} Kd5
{[%clk 0:07:33]} 38. Rxc4 {[%clk 0:04:41]} bxc4+ {[%clk 0:07:58]} 39. Kc3
{[%clk 0:04:08]} Ra3+ {[%clk 0:07:47]} 40. Kb4 {[%clk 0:04:16]} Rd3 {[%clk
0:08:03]} 41. Ka5 {[%clk 0:02:58]} Kxd4 {[%clk 0:07:59]} 42. Kxa6 {[%clk
0:01:44]} c3 {[%clk 0:08:23]} 0-1

[Event "DEM U14 2022"]
[Site "Willingen GER"]
[Date "2022.06.05"]
[Round "2"]
[White "Hoppstädter, Daniel"]
[Black "Kempe, Caius Emilian"]
[Result "1-0"]
[Termination "normal"]
[Board "13"]
[WhiteElo "1987"]
[BlackElo "1973"]
[WhiteClock "00:18:11"]
[BlackClock "00:00:41"]
[PlyCount "79"]
[WhiteFideId "16243625"]
[BlackFideId "16246861"]
[EventCountry "GER"]
[EventRounds "9"]
[EventType "swiss"]
[EventDate "2022.06.04"]

1. d4 {[%clk 1:30:58]} Nf6 {[%clk 1:30:53]} 2. c4 {[%clk 1:31:23]} g6 {[%clk
1:31:17]} 3. f3 {[%clk 1:31:49]} Bg7 {[%clk 1:31:39]} 4. e4 {[%clk 1:32:12]} d6
{[%clk 1:32:04]} 5. Ne2 {[%clk 1:32:36]} O-O {[%clk 1:32:26]} 6. Be3 {[%clk
1:33:00]} c5 {[%clk 1:32:47]} 7. d5 {[%clk 1:32:38]} e6 {[%clk 1:32:57]} 8.
Nec3 {[%clk 1:32:22]} exd5 {[%clk 1:33:11]} 9. cxd5 {[%clk 1:32:39]} a6 {[%clk
1:33:33]} 10. a4 {[%clk 1:33:03]} Ne8 {[%clk 1:33:48]} 11. Be2 {[%clk 1:31:54]}
f5 {[%clk 1:32:28]} 12. O-O {[%clk 1:29:36]} f4 {[%clk 1:31:31]} 13. Bf2 {[%clk
1:29:36]} Nd7 {[%clk 1:30:48]} 14. Na3 {[%clk 1:28:19]} Ne5 {[%clk 1:27:04]}
15. Nc4 {[%clk 1:25:30]} Qg5 {[%clk 1:16:22]} 16. Kh1 {[%clk 1:19:33]} Nxc4
{[%clk 1:10:15]} 17. Bxc4 {[%clk 1:16:38]} Nf6 {[%clk 1:10:25]} 18. Re1 {[%clk
1:05:17]} Nd7 {[%clk 1:10:30]} 19. a5 {[%clk 0:55:31]} Ne5 {[%clk 1:08:13]} 20.
Bf1 {[%clk 0:53:54]} Qe7 {[%clk 1:03:20]} 21. Na4 {[%clk 0:52:43]} g5 {[%clk
1:02:07]} 22. Nb6 {[%clk 0:52:27]} Rb8 {[%clk 0:58:57]} 23. Rc1 {[%clk
0:48:45]} Kh8 {[%clk 0:47:17]} 24. b4 {[%clk 0:42:49]} cxb4 {[%clk 0:46:05]}
25. Qb3 {[%clk 0:41:44]} g4 {[%clk 0:38:00]} 26. Rc2 {[%clk 0:37:08]} Bd7
{[%clk 0:31:58]} 27. Rec1 {[%clk 0:32:35]} gxf3 {[%clk 0:29:42]} 28. gxf3
{[%clk 0:32:31]} Be8 {[%clk 0:12:02]} 29. Rc7 {[%clk 0:29:17]} Qf6 {[%clk
0:07:42]} 30. Bg2 {[%clk 0:24:57]} Rg8 {[%clk 0:04:05]} 31. Bd4 {[%clk
0:23:46]} Qh4 {[%clk 0:02:49]} 32. Qxb4 {[%clk 0:22:48]} Nd3 {[%clk 0:01:13]}
33. Rxg7 {[%clk 0:20:56]} Rxg7 {[%clk 0:00:45]} 34. Qxd6 {[%clk 0:20:47]} Nf2+
{[%clk 0:00:33]} 35. Kg1 {[%clk 0:21:04]} Nh3+ {[%clk 0:00:51]} 36. Kf1 {[%clk
0:20:30]} Bb5+ {[%clk 0:01:13]} 37. Nc4 {[%clk 0:20:47]} Rbg8 {[%clk 0:01:28]}
38. Qe6 {[%clk 0:18:05]} Ng5 {[%clk 0:01:03]} 39. Qf5 {[%clk 0:18:11]} h6
{[%clk 0:00:41]} 40. d6 1-0

[Event "DEM U14 2022"]
[Site "Willingen GER"]
[Date "2022.06.05"]
[Round "2"]
[White "Eichhorn, Valentin"]
[Black "Sommer, Justus"]
[Result "0-1"]
[Termination "normal"]
[Board "15"]
[WhiteElo "1565"]
[BlackElo "1868"]
[WhiteClock "00:30:31"]
[BlackClock "00:45:32"]
[PlyCount "94"]
[WhiteFideId "16239032"]
[BlackFideId "16245008"]
[EventCountry "GER"]
[EventRounds "9"]
[EventType "swiss"]
[EventDate "2022.06.04"]

1. d4 {[%clk 1:30:53]} d5 {[%clk 1:30:48]} 2. Bg5 {[%clk 1:30:33]} c5 {[%clk
1:29:17]} 3. c3 {[%clk 1:28:25]} Qb6 {[%clk 1:28:12]} 4. Qb3 {[%clk 1:25:22]}
c4 {[%clk 1:27:27]} 5. Qxb6 {[%clk 1:24:19]} axb6 {[%clk 1:27:49]} 6. e4 {[%clk
1:16:05]} e6 {[%clk 1:25:45]} 7. e5 {[%clk 1:04:14]} Nc6 {[%clk 1:24:19]} 8.
Nf3 {[%clk 0:58:24]} b5 {[%clk 1:21:37]} 9. Be2 {[%clk 0:49:07]} b4 {[%clk
1:14:33]} 10. O-O {[%clk 0:48:24]} Nge7 {[%clk 1:14:01]} 11. a3 {[%clk
0:35:01]} h6 {[%clk 1:12:19]} 12. Be3 {[%clk 0:32:20]} Ng6 {[%clk 1:08:33]} 13.
cxb4 {[%clk 0:26:28]} Nxb4 {[%clk 1:03:45]} 14. Nc3 {[%clk 0:25:32]} Nc6 {[%clk
1:02:25]} 15. Bd1 {[%clk 0:21:35]} Na5 {[%clk 0:59:59]} 16. Bc2 {[%clk
0:20:03]} Be7 {[%clk 0:57:47]} 17. Nd2 {[%clk 0:19:32]} Bd7 {[%clk 0:56:34]}
18. Rfb1 {[%clk 0:17:29]} O-O {[%clk 0:55:56]} 19. Ba4 {[%clk 0:17:06]} Bxa4
{[%clk 0:52:55]} 20. Nxa4 {[%clk 0:17:29]} f6 {[%clk 0:49:39]} 21. f4 {[%clk
0:16:26]} fxe5 {[%clk 0:49:18]} 22. fxe5 {[%clk 0:16:36]} Nf4 {[%clk 0:48:18]}
23. Rf1 {[%clk 0:16:05]} Nd3 {[%clk 0:45:43]} 24. Rab1 {[%clk 0:16:06]} Rxf1+
{[%clk 0:44:48]} 25. Kxf1 {[%clk 0:16:26]} b5 {[%clk 0:41:53]} 26. Nc3 {[%clk
0:16:12]} b4 {[%clk 0:40:29]} 27. axb4 {[%clk 0:16:11]} Bxb4 {[%clk 0:40:33]}
28. Nb5 {[%clk 0:15:14]} Rb8 {[%clk 0:33:30]} 29. Nc3 {[%clk 0:14:30]} Rb7
{[%clk 0:29:29]} 30. Na2 {[%clk 0:13:56]} Be7 {[%clk 0:19:18]} 31. Ke2 {[%clk
0:09:40]} Rxb2 {[%clk 0:16:31]} 32. Rxb2 {[%clk 0:09:58]} Nxb2 {[%clk 0:16:55]}
33. Nb1 {[%clk 0:09:44]} Na4 {[%clk 0:15:28]} 34. Nac3 {[%clk 0:06:52]} Nxc3+
{[%clk 0:15:39]} 35. Nxc3 {[%clk 0:07:18]} Nb3 {[%clk 0:15:31]} 36. Bd2 {[%clk
0:06:45]} Nxd2 {[%clk 0:13:20]} 37. Kxd2 {[%clk 0:07:01]} Bb4 {[%clk 0:13:45]}
38. Kc2 {[%clk 0:07:12]} Bxc3 {[%clk 0:13:24]} 39. Kxc3 {[%clk 0:07:32]} Kf7
{[%clk 0:13:49]} 40. Kd2 {[%clk 0:05:09]} Kg6 {[%clk 0:13:50]} 41. Ke2 {[%clk
0:01:06]} Kf5 {[%clk 0:13:56]} 42. Kf3 {[%clk 0:00:48]} h5 {[%clk 0:14:01]} 43.
h3 {[%clk 0:29:05]} h4 {[%clk 0:44:19]} 44. Ke3 {[%clk 0:29:17]} c3 {[%clk
0:44:24]} 45. Kd3 {[%clk 0:29:44]} c2 {[%clk 0:44:47]} 46. Kxc2 {[%clk
0:30:09]} Ke4 {[%clk 0:45:08]} 47. Kc3 {[%clk 0:30:31]} Ke3 {[%clk 0:45:32]}
0-1